000 00517nam a2200181Ia 4500
005 20250508161954.0
008 008 250505s9999 xx 000 0 eng d
037 _aTextual
040 _aFEDL
_beng
_cFEDL
041 _aeng
_2eng
084 _a153.4, KUN
_qFEDL
100 _aKundu Gorachand
_9771910
245 0 _aNew technique of attitude measurement
260 _aCalcutta, India
_bAnnapurna Publishing House
_c1975
300 _a138p
942 _cTEXL
_h153.4, KUN
999 _c1373588
_d1373588